[Event "Ivrea Autumn 21st"]
[Site "Ivrea"]
[Date "2010.10.30"]
[Round "5"]
[White "Ganio, Ottavio Gabriele"]
[Black "Saccuman, Andrea"]
[Result "0-1"]
[WhiteElo "1446"]
[BlackElo "1374"]
[PlyCount "42"]
[EventDate "2010.10.07"]
[EventType "swiss"]
[EventRounds "9"]
[EventCountry "ITA"]
[SourceTitle "EXT 2024"]
[Source "ChessBase"]
[SourceDate "2023.10.10"]
[SourceVersion "1"]
[SourceVersionDate "2023.10.10"]
[SourceQuality "1"]

1. e4 e5 2. Nf3 Nc6 3. Nc3 Nf6 4. d4 exd4 5. Nxd4 Nxd4 6. Qxd4 b6 7. g3 Bc5 8. Qd1 Ng4 9. Qxg4 0-0 10. Bg2 d6 11. Qd1 Bb7 12. h4 Qf6 13. Qd2 Rab8 14. a3 a5 15. Nd5 Bxd5 16. exd5 Rfe8+ 17. Kf1 Re7 18. b4 Qxa1 19. bxc5 bxc5 20. Qxa5 Qxc1+ 21. Qe1 Qxe1# 0-1

[Event "Ivrea Autumn 21st"]
[Site "Ivrea"]
[Date "2010.10.22"]
[Round "4"]
[White "Saccuman, Andrea"]
[Black "Gennaro, Isabella"]
[Result "0-1"]
[WhiteElo "1374"]
[BlackElo "1640"]
[PlyCount "54"]
[EventDate "2010.10.07"]
[EventType "swiss"]
[EventRounds "9"]
[EventCountry "ITA"]
[SourceTitle "EXT 2024"]
[Source "ChessBase"]
[SourceDate "2023.10.10"]
[SourceVersion "1"]
[SourceVersionDate "2023.10.10"]
[SourceQuality "1"]

1. e4 c5 2. Bc4 Nc6 3. Nf3 Nf6 4. d3 e6 5. 0-0 Be7 6. Nbd2 0-0 7. a3 d5 8. exd5 exd5 9. Bb5 Bd7 10. Rb1 a6 11. Bxc6 Bxc6 12. b4 cxb4 13. axb4 Re8 14. Rb3 Rc8 15. Re1 Ba4 16. Rb2 Qc7 17. Nb3 Bxb4 18. Rxe8+ Rxe8 19. Nfd4 Re1+ 20. Qxe1 Bxe1 21. Bd2 Qe7 22. Rb1 Bxd2 23. Nxd2 Qc5 24. N2b3 Bxb3 25. Rxb3 Qxd4 26. Rxb7 Qa1+ 27. Rb1 Qxb1# 0-1

[Event "Ivrea Autumn 21st"]
[Site "Ivrea"]
[Date "2010.10.11"]
[Round "2"]
[White "Saccuman, Andrea"]
[Black "Castaldo, Antonio"]
[Result "0-1"]
[WhiteElo "1374"]
[BlackElo "1705"]
[PlyCount "80"]
[EventDate "2010.10.07"]
[EventType "swiss"]
[EventRounds "9"]
[EventCountry "ITA"]
[SourceTitle "EXT 2024"]
[Source "ChessBase"]
[SourceDate "2023.10.10"]
[SourceVersion "1"]
[SourceVersionDate "2023.10.10"]
[SourceQuality "1"]

1. e4 d6 2. d4 Nf6 3. Nc3 g6 4. Be2 Bg7 5. f4 0-0 6. Be3 Nbd7 7. Qd2 e5 8. fxe5 dxe5 9. dxe5 Nxe5 10. Nf3 Nxf3+ 11. Bxf3 Bg4 12. Qf2 Bxf3 13. gxf3 a6 14. Bd2 Qe7 15. 0-0-0 Rfd8 16. Bf4 Nh5 17. Be3 Bxc3 18. bxc3 Qa3+ 19. Kb1 Qxc3 20. Bd2 Qf6 21. Rhg1 Nf4 22. Qg3 Ne2 23. Qf2 Rxd2 24. Rxd2 Nxg1 25. Qxg1 Qxf3 26. Qe1 Re8 27. Re2 f5 28. exf5 Qxe2 29. Qg3 Qe1+ 30. Qxe1 Rxe1+ 31. Kb2 gxf5 32. h4 f4 33. c4 f3 34. a4 f2 35. Kb3 f1Q 36. Kb4 Rb1+ 37. Kc5 Qf2+ 38. Kd5 Rd1+ 39. Ke5 Qe3+ 40. Kf6 Rf1# 0-1

[Event "Ivrea Eporediese op 26th"]
[Site "Ivrea"]
[Date "2009.01.15"]
[Round "1"]
[White "Bogatto, Mario"]
[Black "Saccuman, Andrea"]
[Result "1-0"]
[WhiteElo "1470"]
[BlackElo "1422"]
[PlyCount "39"]
[EventDate "2009.01.15"]
[EventType "swiss"]
[EventRounds "9"]
[EventCountry "ITA"]
[SourceTitle "EXT 2011"]
[Source "ChessBase"]
[SourceDate "2010.11.26"]
[SourceVersion "1"]
[SourceVersionDate "2010.11.26"]
[SourceQuality "1"]

1. d4 d5 2. Nf3 Nc6 3. e3 Bf5 4. Bb5 Nf6 5. 0-0 e6 6. a3 Bd6 7. Nc3 0-0 8. Bxc6 bxc6 9. h3 c5 10. Re1 Ne4 11. Ne2 c4 12. c3 Bg6 13. Nf4 Bxf4 14. exf4 Bh5 15. Re3 Nxf2 16. Kxf2 Qh4+ 17. Nxh4 Bxd1 18. Rg3 Rfe8 19. Be3 f6 20. Rxd1 1-0